Piłkarze Korony Kielce - nagła śmierć - Statystyki

Ogólne statystyki
  • Ten quiz został rozwiązany 34 razy
  • Średni wynik to 8 z 20
Answers on the Grid
Answers color-coded by a green-red scale on the quiz's grid according to % correct below.
Jakub Arak
Paweł Moskwik
Adrian Purzycki
Zlatan Alomerović
Kamil Biliński
Daniel Dziwniel
Piotr Polczak
Mariusz Fornalczyk
Marcin Żewłakow
Adam Deja
Rafał Wolsztyński
Maciej Wilusz
Sebastian Bergier
Michał Kaput
Petteri Forsell
Patryk Mikita
Krystian Getinger
Mateusz Matras
Karol Angielski
Marcin Robak
Michał Kopczyński
Robert Kolendowicz
Adrian Paluchowski
Sebastian Rudol
Lukas Klemenz
Kamil Antonik
Michał Koj
Adam Frączczak
Maciej Korzym
Michał Nalepa
Radosław Cierzniak
Przemysław Szymiński
Kamil Kuzera
Alan Czerwiński
Piotr Malarczyk
Felicio Brown Forbes
Łukasz Załuska
Michał Buchalik
Mateusz Możdżeń
Szymon Lewicki
 
Statystyki odpowiedzi
Odpowiedź % Poprawnych
Mariusz Fornalczyk
70%
Piotr Malarczyk
67%
Kamil Kuzera
59%
Petteri Forsell
59%
Adam Frączczak
56%
Zlatan Alomerović
56%
Maciej Korzym
52%
Marcin Robak
48%
Daniel Dziwniel
41%
Felicio Brown Forbes
41%
Mateusz Możdżeń
41%
Michał Koj
41%
Adam Deja
37%
Karol Angielski
33%
Marcin Żewłakow
26%
Lukas Klemenz
19%
Maciej Wilusz
19%
Łukasz Załuska
15%
Radosław Cierzniak
15%
Robert Kolendowicz
11%
Nie znaleziono quizów pasujących do podanych kryteriów
Rozkład punktacji
Procent ludzi z każdym wynikiem
Percentyl według liczby udzielonych odpowiedzi
Twoja historia wyników
Nie rozwiązałeś tego quizu